01055cam a22002771 4500001001300000003000400013005001700017008004100034010001700075035001800092040004800110042001200158050001600170110003300186245005100219260005700270300010800327500006500435500007400500500005900574650002400633650004400657650002900701650002400730650002300754gs 05001111 DLC20260227111302.0730130m18771883wiuabc 000 0 eng c ags 05001111  a(OCoLC)547367 aU.S. Geol. Survey. Libr.cODaWUdOCoLCdDLC apremarc00aQE179b.A161 aWisconsin.bChief Geologist.10aGeology of Wisconsin.bSurvey of 1873-1879 ... a[Madison]bCommissioners of Public Print.,c1877-83. a4 v.billus., port., maps (part fold., part col.)c27 cm.eand atlas of 42 (i.e. 45) sheets. 22 x 8 cm. aVol. 2 has title: Geology of Wisconsin. Survey of 1873-1877. aPrevious publications relating to eatern Wisconsin: v. 2, p. [95]-96. aAnnual reports for the years 1873-75 included in v. 2. 0aGeologyzWisconsin. 0aMines and mineral resourceszWisconsin. 0aPaleontologyzWisconsin. 0aAnimalszWisconsin. 0aPlantszWisconsin.